Revisión y análisis de prácticas tradicionales de conservación de aguas y suelos en zonas áridas y semiáridas de Chile central
Gardado en:
| Main Authors: | , , , , |
|---|---|
| Formato: | Libro |
| Idioma: | Lingua castelá |
| Publicado: |
Talca
FDI-CORFO
2003
Talca Universidad de Talca 2003 Talca EIAS 2003 |
| Subjects: | |
| Tags: |
Engadir etiqueta
Sen Etiquetas, Sexa o primeiro en etiquetar este rexistro!
|
MARC
| LEADER | 00000nam a2200000 a 4500 | ||
|---|---|---|---|
| 001 | UCK0778 | ||
| 003 | CL-VaPUC | ||
| 008 | 041022e20030000cl |||||||||||||||||spa|d | ||
| 020 | |a 9562919749 | ||
| 082 | 0 | 4 | |a 333.91 |b PIZ |2 21 |
| 100 | 0 | |a Pizarro Tapia, Roberto |e author |9 488667 | |
| 700 | 0 | |a Sangüesa Pool, Claudia |e author |9 488668 | |
| 700 | 0 | |a Flores Villanelo, Juan P |e author |9 488669 | |
| 700 | 0 | |a Martínez Araya, Enzo |e author |9 488670 | |
| 700 | 0 | |a Ponce Donoso, Mauricio |e author |9 488671 | |
| 245 | 1 | 0 | |a Revisión y análisis de prácticas tradicionales de conservación de aguas y suelos en zonas áridas y semiáridas de Chile central |
| 300 | |a 111 p | ||
| 942 | |c BK | ||
| 945 | |d 20041022 00:00:00 |a cmena | ||
| 260 | |a Talca |b FDI-CORFO |c 2003 | ||
| 260 | |a Talca |b Universidad de Talca |c 2003 | ||
| 260 | |a Talca |b EIAS |c 2003 | ||
| 650 | 0 | |a Conservación del agua |9 261955 | |
| 650 | 0 | |a Recursos naturales |9 255232 | |
| 650 | 0 | |a Ingeniería hidráulica |9 260281 | |
| 651 | 7 | |a CHILE |2 CL-VaPUC |9 488672 | |
| 583 | |a last modification |c 20140409 05:30:16 |k Rodrigo Vera | ||
| 999 | |c 311047 |d 311045 | ||
| 952 | |0 0 |1 0 |4 0 |6 333_910000000000000_PIZ_2003_2003_2003 |7 0 |8 CCM |9 380232 |a BIBCUR |b BIBCUR |d 2019-11-21 |i 4055721 |o 333.91 PIZ 2003 2003 2003 |p 4055721 |r 2025-04-22 |w 2019-11-21 |y BK |k CIM | ||
| 952 | |0 0 |1 0 |4 0 |6 333_910000000000000_PIZ_2003_2003_2003 |7 0 |8 A |9 380233 |a BIBAGR |b BIBAGR |d 2019-11-21 |i 468429K |o 333.91 PIZ 2003 2003 2003 |p 468429K |r 2025-01-20 |w 2019-11-21 |y BK |k AGR | ||